Hodnotenie majstrovstiev ČSSR 1983 v kulturistike mužov

Bibliographic Details
Main Author: Uríček, Peter (Author)
Format: Article
Language:Slovak
PhysicalDescription:Obr. 3.
Subjects:

MARC

LEADER 00000nab a2200000 a 4500
001 vtls000161675
003 SK-MaSNL
005 20260302202446.0
008 160201c1983 xo 0 slo
015 |a SNBRB19rr/mm-uuuuu 
035 |a CL0171786 
040 |a SNKBUCL  |b slo  |c SNKBUCL  |e AACR2 
041 0 |a slo 
044 |a xo  |c SK 
080 |a 796.41.093.1(437)  |2 1981 
100 1 |a Uríček, Peter  |4 aut  |9 376897 
245 1 0 |a Hodnotenie majstrovstiev ČSSR 1983 v kulturistike mužov  |c Peter Uríček 
300 |b Obr. 3. 
650 0 7 |a kulturistika  |2 snkbucl  |9 3254 
651 7 |a 3707  |2 snkbucl  |9 920931 
655 7 |a články z novín a časopisov  |2 snkbucl  |9 267496 
773 0 |t Tréner  |g Roč. 27, č. 8 (1983), s. 378-381 
850 |a Slovenská národná knižnica v Martine  |a MTA001 
852 |a SNK  |b KIS3GCP 
958 |a RK 
958 |a CZ 
992 |a RBX 
999 |c 1464991  |d 1466921